000 01094cad a22002175a 4500
001 E147190
008 090409s2009 xxk f s000 0 eng d
035 _a(Sirsi) u147190
041 0 _aeng
050 0 4 _a630.09411 $2 18
110 2 _aScotland
_bScottish Government
_95344
245 0 0 _aNatural resource productivity
_bthe Scottish Government's vision for the future of farming and rural development
_h[electronic resource]
260 _aEdinburgh
_bScottish Government
_c2009
520 _aSets out the Scottish Government's plans in relation to agriculture and the rural economy. Suggests that the focus should be on production geared towards the market (food, energy, or markets such as tourism); achieving recognition for the benefits which agriculture provides; and appropriate regulation.
521 _aAdvanced
590 _aKA
651 4 _aScotland
_y1999-
690 _aENVIRONMENTAL AND LAND CONSULTANCY-AGRIBUSINESS-AGRICULTURE
856 4 0 _uhttps://www.scotland.gov.uk/Publications/2009/03/31111317/0
_zView the report free of charge at www.scotland.gov.uk...
942 _n0
999 _c109476
_d109476